000 00247nam a2200097Ia 4500
001 1206081
005 20251014115009.0
008 250824s9999 xx 000 0 und d
245 0 _aCANFEDA
_cCAN YÜCEL
260 _bTÜRKİYE İŞ BANKASI YAYINLARI
999 _c1206081
_d1206081